Urdu Literature of the Nineteenth Century (Record no. 909)

MARC details
000 -LEADER
fixed length control field 00685nam a2200265 a 4500
020 ## - INTERNATIONAL STANDARD BOOK NUMBER
ISBN
082 00 - DEWEY DECIMAL CLASSIFICATION NUMBER
Classification number 891.49
Author Cutter QAD
100 ## - MAIN ENTRY--AUTHOR NAME
Author name Qadir, Shaikh Abdul
245 ## - TITLE STATEMENT
Title Urdu Literature of the Nineteenth Century
260 ## - PUBLICATION, DISTRIBUTION, ETC. (IMPRINT)
Place of publication Lahore
Name of publisher M.N. Humayun
Year of publication 1941
300 ## - PHYSICAL DESCRIPTION
Number of Pages 86p
500 ## - GENERAL NOTE
General note includes index and biblioraphy
505 2# - FORMATTED CONTENTS NOTE
Formatted contents note Index
650 ## - SUBJECT ADDED ENTRY--TOPICAL TERM
Topical Term Persian Poetry-Jami
650 ## - SUBJECT ADDED ENTRY--TOPICAL TERM
Topical Term Urdu-Literature-history-19th Centur
650 ## - SUBJECT ADDED ENTRY--TOPICAL TERM
Topical Term Jami, Abdur Rahman-Poetry
942 ## - ADDED ENTRY ELEMENTS (KOHA)
Koha item type Books
700 1# -
-- Qadir, Shaikh Abdul
Holdings
Collection code Home library Current library Date acquired Cost, normal purchase price Full call number Accession Number Koha item type
  Henry Martyn Institute Library Henry Martyn Institute Library 06/01/2007 100.00 891.49 QAD 00839 Books
                   Copyright © 2026 | Henry Martyn Institute | Hyderabad | TS-500052 | INDIA | Implemented by hmi.edu.in
Hit-Count:

Powered by Koha